Varias narraciones / (Record no. 197912)

MARC details
000 -LEADER
campo de control de longitud fija 01302nam a2200313 i 4500
001 - NÚMERO DE CONTROL
campo de control 197912
003 - IDENTIFICADOR DE NÚMERO DE CONTROL
campo de control ES-MaACL
005 - FECHA Y HORA DE LA ÚLTIMA TRANSACCIÓN
campo de control 20251103144141.0
008 - DATOS DE LONGITUD FIJA--INFORMACIÓN GENERAL
campo de control de longitud fija 250611e1949 sp a|||| |||| 001 1 spa d
040 ## - FUENTE DE CATALOGACIÓN
Centro catalogador/agencia de origen ES-MaACL
Lengua de catalogación spa
Centro/agencia transcriptor ES-MaACL
Normas de descripción rda
080 ## - NÚMERO DE LA CLASIFICACIÓN DECIMAL UNIVERSAL
Número de la Clasificación Decimal Universal 821.134.2-34"19"
245 00 - MENCIÓN DEL TÍTULO
Título Varias narraciones /
Mención de responsabilidad, etc. recogidas por el P. José Julio Martínez, S.I.
264 #1 - PRODUCCIÓN, PUBLICACIÓN, DISTRIBUCIÓN, FABRICACIÓN Y COPYRIGHT
Producción, publicación, distribución, fabricación y copyright Bilbao :
Nombre del de productor, editor, distribuidor, fabricante El Mensajero del Corazón de Jesús,
Fecha de producción, publicación, distribución, fabricación o copyright 1949
300 ## - DESCRIPCIÓN FÍSICA
Extensión 64 páginas :
Otras características físicas ilustraciones ;
Dimensiones 17 cm
336 ## - TIPO DE CONTENIDO
Fuente rdacontent
Término de tipo de contenido texto
337 ## - TIPO DE MEDIO
Fuente rdamedia
Nombre/término del tipo de medio sin mediación
338 ## - TIPO DE SOPORTE
Fuente rdacarrier
Nombre/término del tipo de soporte volumen
490 0# - MENCIÓN DE SERIE
Mención de serie De broma y de veras ;
Designación de volumen o secuencia número 444
500 ## - NOTA GENERAL
Nota general Índice
505 0# - NOTA DE CONTENIDO CON FORMATO
Nota de contenido con formato La Divina providencia ; Los muros de Jerusalén ; Cuento de Navidad ; Un cuento de miedo ; ¿Hay fe en Rusia? ; En el Reino del delito ; Forjadoras del Reino ; Navidad en Alaska ; Un diario espeluznante ; ¡Y no lo sabía!
655 #7 - TERMINO DE INDIZACIÓN--GENERO/FORMA
9 (RLIN) 226829
Datos o término principal de género/forma Cuentos
700 1# - ENTRADA AGREGADA--NOMBRE PERSONAL
9 (RLIN) 241312
Nombre de persona Martínez, José Julio,
Fechas asociadas al nombre 1906-
Término indicativo de función/relación Compilador
852 ## - LOCALIZACIÓN
Ubicación ES-MaACL
Ubicación en estantería Depósito 1
Número de control de estantería A-15601(8)
Donativo/Legado Donación: José Lázaro García
Encuadernación Holandesa
itemnumber 206876
903 ## - NOMBRE PERSONAL DE DONANTE
9 234219
a Lázaro García, José
e Donante
942 ## - ELEMENTOS DE ENTRADA SECUNDARIOS (KOHA)
Suprimir en OPAC No
Tipo de ítem Koha Libro impreso
Holdings
Estatus retirado Estado de pérdida Fuente del sistema de clasificación o colocación Estado de daño No para préstamo Biblioteca de origen Biblioteca actual Ubicación en estantería Fecha de adquisición Fuente de adquisición Total de préstamos Signatura topográfica completa Código de barras Visto por última vez Precio de reemplazo Tipo de ítem Koha
    Clasificación decimal universal     Biblioteca del Ateneo de Madrid Biblioteca del Ateneo de Madrid Depósito 1 27/05/2025 Donación   A-15601(8) 2025-1241 30/10/2025 30/10/2025 Libro impreso